01064nam a2200229 a 450000100100000000500170001000800410002702000150006804000250008308200150010810000370012324501950016026000950035530000270045049000340047750000740051150400310058570000470061683000410066395201130070499900170081700004156820201002035638.0131011s1993 sp 000 0 spa d a8400073223 aDO-SdBNPbspacBNPHU axxxbG216L1 aGarcía Guerra, Delfín96831910aLepra asturiensis :bla contribución asturiana en la historia de la Pelagra (siglos XVIII Y XIX) /cDelfín García Guerra, Victor Alvarez Antuña ; prólogo Francisco Grande Covián. aMadrid :bUniversidad de Oviedo, Consejo Superior de Investigaciones Científicas,c1993. axxxi, 342 p. ;c22 cm.1 aEstudios sobre la cienciav19 aIncluye referencias bibliográficas y notas al pie de las páginas. aBibliografía: p. 329-34212aGrande Covián, Franciscoepról.950554 0aEstudios sobre la ciencian19968320 001050718MOaGRbGRcCTd2013-10-11iLF1l0oxxx G216Lp41568-10r2020-06-25w2020-06-25y1ZNo se presta c41058d41058